Giáo trình lý luận nhà nước và pháp luật
Nội dung sách gồm 3 phần. Ph.1: Những khái niệm chung; Ph.2: Các kiểu Nhà nước và Pháp luật; Ph.3: Một số vấn đề về Nhà nước và Pháp luật xã hội Chủ nghĩa Việt Nam ; CX065 Công tác xã hội trong lĩnh vực pháp luật và tội phạm...
Đã lưu trong:
| 主要作者: | |
|---|---|
| 其他作者: | |
| 格式: | 圖書 |
| 語言: | Undetermined |
| 出版: |
H.
Công an nhân dân
2011
|
| 主題: | |
| 在線閱讀: | http://lrc.tdmu.edu.vn/opac/search/detail.asp?aID=2&ID=19955 |
| 標簽: |
添加標簽
沒有標簽, 成為第一個標記此記錄!
|
| Thư viện lưu trữ: | Trung tâm Học liệu Trường Đại học Thủ Dầu Một |
|---|
| LEADER | 01108nam a2200217Ia 4500 | ||
|---|---|---|---|
| 001 | TDMU_19955 | ||
| 008 | 210410s9999 xx 000 0 und d | ||
| 082 | |a 320.4597 | ||
| 090 | |b L250 | ||
| 100 | |a Lê, Minh Tâm | ||
| 245 | 0 | |a Giáo trình lý luận nhà nước và pháp luật | |
| 245 | 0 | |c Lê Minh Tâm, Nguyễn Minh Đoan | |
| 260 | |a H. | ||
| 260 | |b Công an nhân dân | ||
| 260 | |c 2011 | ||
| 300 | |a 527tr. | ||
| 520 | |a Nội dung sách gồm 3 phần. Ph.1: Những khái niệm chung; Ph.2: Các kiểu Nhà nước và Pháp luật; Ph.3: Một số vấn đề về Nhà nước và Pháp luật xã hội Chủ nghĩa Việt Nam ; CX065 Công tác xã hội trong lĩnh vực pháp luật và tội phạm | ||
| 650 | |a Nhà nước |x Lý luận |v Giáo trình; Pháp luật |x Lý luận |v Giáo trình | ||
| 700 | |a Nguyễn, Minh Đoan | ||
| 856 | |u http://lrc.tdmu.edu.vn/opac/search/detail.asp?aID=2&ID=19955 | ||
| 980 | |a Trung tâm Học liệu Trường Đại học Thủ Dầu Một | ||